000 00906nam a22002537a 4500
999 _c6757
_d6757
003 AR-CdUCM
008 190319b ||||| |||| 00| 0 spa d
020 _a84-205-0348-7
040 _aMUNICIPALIDAD PROVINCIAL DEL CUSCO
_cBIBLIOTECA MUNICIPAL DEL CUSCO
082 _a508 /
_bST82
100 _aStock, L. M.
_919020
245 _aReacciones de Sustitución Aromática /
260 _aMadrid :
_bAlhambra,
_c1977.
300 _a174 paginas ;
_bIlustraciones, tablas,
_c20cm.
440 _aExedra - ciencia tecnica ingenieria
_n118
_919021
505 _aContenido: Aromaticidad -- sustitucion electrofila -- efectos -- tratamientos cuantitativos -- nucleofila...
650 _aQuimica
_94512
650 _aAromaticidad
_919022
650 _aTratamientos cuantitativos
_919023
650 _aTransposicion
_919024
700 _aQuiroga Feijoo, María Luz
_919025
942 _2ddc
_cLIBROS
945 _apjha